| 000 | 00550nam a22001817a 4500 | ||
|---|---|---|---|
| 003 | BD-DhUL | ||
| 005 | 20171217140434.0 | ||
| 008 | 171217s1993 ii ||||| |||| 00| 0 urd d | ||
| 040 |
_aBD-DhUL _cBD-DhUL |
||
| 082 |
_a920 _bANM |
||
| 100 | 1 | _aانجم، خلیق | |
| 245 | 0 |
_aمولوی عبد الحق : ادبی ولسانی خدمات / _cخلیق انجم |
|
| 260 |
_aنئ دھلی : _bانجمن ترقی اردو، _c۱۹۹۳۔ |
||
| 300 |
_aص۔ ۲۸۱ ؛ _c۲۴ سم۔ |
||
| 365 |
_aIRS _b90.00 |
||
| 650 | 0 | _aBiography | |
| 942 |
_2ddc _cBK |
||
| 999 |
_c233202 _d233202 |
||